000 00484nam a2200169Ia 4500
003 GCL
008 140319s9999 xx 000 0 ara d
040 _aGCL /
_cGCL
082 0 4 _a150
_bم ت
100 1 _aمحمد شحاتة ربيع
245 1 0 _aتطبيقات فى علم النفس /
_cمحمد شحاتة ربيع
260 _a[S.N] :
_bدار المعرفة الجامعية ،
_c1988
300 _a183 ص
490 _a
650 0 4 _aعلم النفس
942 _2ddc
_cBK
999 _c44739
_d44739